000 00351nam a2200157Ia 4500
008 151213s9999 xx 000 0 und d
100 _aMankiw
245 _aEconomics
_cMankiw
250 _a3rd
260 _aU.S.A
_bMichal B .Meerlier
_c2004
300 _a4178 p.
650 _aEconomics
650 _aEconomics
700 _aMankiw
999 _c2603
_d2603